Cosmere - Statistics

General Stats
  • This quiz has been taken 288 times
    50 since last reset
  • The average score is 22 of 32
Answer Stats
Hint Books % Correct
Mistborn Mistborn: The Final Empire
100%
Stormlight Archive The Way of Kings
100%
Stormlight Archive Oathbringer
95%
Mistborn The Well of Ascension
92%
Standalone Elantris
89%
Mistborn The Hero of Ages
89%
Stormlight Archive Rhythm of War
86%
Standalone Tress of the Emerald Sea
86%
Standalone Warbreaker
86%
Stormlight Archive Words of Radiance
86%
Mistborn The Alloy of Law
81%
Mistborn The Lost Metal
81%
Stormlight Archive Wind and Truth
81%
Graphic Novels White Sand I
76%
Graphic Novels White Sand II
76%
Graphic Novels White Sand III
76%
Standalone Yumi and the Nightmare Painter
76%
Short Stories The Emperor's Soul
70%
Short Stories Edgedancer
68%
Mistborn Shadows of Self
65%
Mistborn The Bands of Mourning
65%
Standalone The Sunlit Man
62%
Short Stories Dawnshard
59%
Short Stories Mistborn: Secret History
59%
Short Stories The Hope of Elantris
57%
Standalone Isles of the Emberdark
43%
Short Stories Sixth of the Dusk
43%
Short Stories The Eleventh Metal
43%
Short Stories Allomancer Jak and the Pits of Eltania
41%
Short Stories Shadows for Silence in the Forests of Hell
41%
Short Stories King Lopen the First of Alethkar
14%
Short Stories Elsecaller
11%
No matching quizzes found
Score Distribution
Percent of People with Each Score
Percentile by Number Answered
Your Score History
You have not taken this quiz since the last reset